Logo biblioteca
Santa Fe 2917, Rosario, Santa Fe
Lu-Vi 8 a 19.45
+54-341-4232362
bibliotecaeudoro@gmail.com
Facebook Biblioteca Pedagógica
Sitio web

El ciclo de modelización. (Registro nro. 32544)

Detalles MARC
000 -CABECERA
campo fijo de control de longitud 01181nab a2200229 4500
003 - IDENTIFICADOR DEL NÚMERO DE CONTROL
campo de control AR-RoBPED
005 - FECHA Y HORADE LA ULTIMA TRANSACCION
campo de control 20260410091458.0
008 - ELEMENTOS DE LONGITUD FIJA--INFORMACION GENERAL
campo fijo de control de longitud 260410b |||||||| |||| 00| 0 spa d
040 ## - FUENTE CATALOGADORA
Centro catalogador/agencia de origen AR-RoBPED
041 ## - IDIOMA
Código de idioma para texto/pista de sonido o título independiente spa
100 1# - ENCABEZAMIENTO PRINCIPAL--AUTOR PERSONAL
Nombre de persona Malet, Omar
9 (RLIN) 20726
Función Doctor en Ciencias de la Educación y mágister en Enseñanza de la Matemática
245 13 - TITULO
Título El ciclo de modelización.
Subtítulo Un recurso para diseñar y conducir clases de Matemática /
260 ## - PUBLICACION
Lugar Buenos Aires :
Editor Noveduc,
Fecha 2025
300 ## - DESCRIPCION FISICA
Extensión 2-8 p.
500 ## - NOTA GENERAL
Nota general El propósito de este artículo es contestar, desde una perspectiva cognitiva, a las siguientes preguntas: ¿En qué consiste la modelización matemática, proceso del cual emergen los modelos matemáticos?¿Qué subprocesos supone?¿En qué orden se suceden estos subprocesos?¿Cómo provocarlos?¿Cómo iniciar a los estudiantes en ellos?
650 #7 - TERMINO DE MATERIA--CONTROLADO
Término controlado MATEMATICAS
9 (RLIN) 21659
Término controlado ESTUDIANTES
9 (RLIN) 11380
Término controlado RECURSOS DIDACTICOS
9 (RLIN) 871
773 0# - DOCUMENTO FUENTE
Host Biblionumber 20414
Host Itemnumber 41869
Place, publisher, and date of publication Buenos Aires : Noveduc, 1993-
Título Novedades Educativas
Record control number (AR-RoBPED)20414
International Standard Serial Number 03283534
942 ## - ELEMENTOS KOHA
Fuente de clasificación Universal Decimal Classification
Koha tipo de ítem Revistas
Clasificación 37(05)
Signatura librística Nov 86 N° 401 (Abril.2025)
Número Koha k.32544
945 ## - PROCESAMIENTO DE LA INFORMACIÓN LOCAL
Catalogador y fecha mar 04/2026

No hay ítems disponibles.